Statistics for Countries That End in R

Click here to take the quiz!

General Stats

  • This quiz has been taken 48 times
  • The average score is 4 of 8

Answer Stats

Answer% Correct
Niger
83%
Ecuador
68%
Madagascar
68%
Qatar
66%
El Salvador
53%
East Timor
49%
Myanmar
43%
Gibraltar
4%

Score Distribution

Percentile by Number Answered

Percent of People with Each Score

Your Score History

You have not taken this quiz